|
|
|
|
| LEADER |
00000nam0a2200000 4500 |
| 001 |
249737 |
| 005 |
20231101232511.0 |
| 010 |
|
|
|a 5855601412
|
| 035 |
|
|
|a (RuTPU)RU\TPU\book\271841
|
| 090 |
|
|
|a 249737
|
| 100 |
|
|
|a 20140207d1990 d y0rusy50 ca
|
| 101 |
0 |
|
|a rus
|
| 102 |
|
|
|a RU
|
| 105 |
|
|
|a a z 000ay
|
| 200 |
1 |
|
|a Страна Семи Трав
|e научно-фантастические повести
|f Л. Д. Платов
|g под ред. И. В. Никуличевой ; М. М. Салтыкова
|
| 210 |
|
|
|a Архангельск
|c Северо-Западное книжное издательство
|d 1990
|
| 215 |
|
|
|a 624 с.
|c ил.
|
| 464 |
|
|
|t Земля Санникова
|o научно-фантастическая повесть
|f В. А. Обручев
|
| 606 |
1 |
|
|a Русская литература современная
|2 stltpush
|3 (RuTPU)RU\TPU\subj\26373
|9 50316
|
| 610 |
1 |
|
|a художественная литература
|
| 610 |
1 |
|
|a повести
|
| 610 |
1 |
|
|a научная фантастика
|
| 610 |
1 |
|
|a приключения
|
| 675 |
|
|
|a Р2
|v 3
|
| 700 |
|
1 |
|a Платов
|b Л. Д.
|g Леонид Дмириевич
|
| 702 |
|
1 |
|a Никуличева
|b И. В.
|4 340
|
| 702 |
|
1 |
|a Салтыков
|b М. М.
|4 040
|
| 801 |
|
1 |
|a RU
|b 63413507
|c 20140207
|
| 801 |
|
2 |
|a RU
|b 63413507
|c 20210930
|g RCR
|
| 942 |
|
|
|c BK
|